01736cam a22004334i 4500003000900000005001700009008004100026035001900067040003300086082002100119100003400140245007400174264006500248300002800313336002100341337002500362338002300387504002800410505017800438526001000616526001000626526001000636526001000646526000800656526000800664526000800672526000800680526000800688526000800696526000800704650004800712650002900760942001400789949013200803596000600935999015000941980005501091952015601146PE-LiUPU20250731173006.0150623s r 000 0 d a(Sirsi) a22074 aPE-LiUPUbspacPE-LiUPUerda04a234.165bS182211 aSaldón, Eutiquiano,eautor.13aEl matrimonio misterio y signo: desde el siglo I hasta San Agustín. 1aBurgos, Pamplona :bEdiciones Universidad de Navarra,c1971. a156 páginas ;c22 cm. atext2rdacontent aunmediated2rdamedia avolume2rdacarrier aIncluye bibliografía.0 aDesde los padres apostólicos hasta el concilio de Nicea. -Autores griegos hasta mediados del siglo V. -Autores latinos hasta San Agustín. -Doctrina de concilios y Papas. aSEG42 aSEG41 aSEG40 aSEG39 aP94 aP87 aP86 aP85 aP77 aP76 aP3504aMatrimonio (Derecho canónico)ySiglo I-V.04aMatrimonio (Sacramento). 2ddccBOOK a234.165 S18wDEWEYc1i45738lCCODEBUL1mBULp00.00r0sYtBOOKu2015-06-24xTEOLOGIAPP350COMPRAo.STAFF. Colección General a1 a234.165 S18wDEWEYc22606i45738f2021-11-10g5lCCODEBUL1mBULr0sYtBOOKu2015-6-24xTEOLOGIAPP350COMPRAo.STAFF. Colección Generald22606 81gALBERTO SANCHEZ Responsable de Automatización r2025-12-03 00:00:00i6l0o234.165 S18p45738te1w2015-06-24xFTyBKzinventario-2023-12-13102ddc50708GENfP35aBULbBULcGENd2015-06-24eCOMPRA